Atiyah and Adams' sale of goods / (Record no. 6085)

MARC details
000 -LEADER
fixed length control field 01796cam a2200229 i 4500
020 ## - INTERNATIONAL STANDARD BOOK NUMBER
ISBN 9781292009339
050 00 - CALL NUMBER
Classification number KD1650
Item number .T
100 1# - AUTHOR
Personal name Twigg-Flesner, Christian,
245 10 - TITLE
Title Atiyah and Adams' sale of goods /
Statement of responsibility, etc Christian Twigg-Flesner, LLB, PCHE, PHD, Professor of Commercial Law School, University of Hull, Hull; Rick Canavan, Nottingham Law School, Nottingham Trent University, Burton Street, Nottingham ; with sections on Scots law by Hector MacQueen LLB, PHD, FBA, FRSE, Scottish Law Commissioner, Professor of private law, University of Edinburgh.
250 ## - EDITION
Edition statement Thirteenth edition.
260 ## - PUBLICATION INFORMATION
Place of publication Harlow
Name of publisher Pearson Education Ltd
Year of publication 2016
300 ## - DESCRIPTION
Number of Pages lvi, 571 pages ;
Dimensions 24 cm.
500 ## - NOTES
General note "First published under the Pitman imprint in Great Britain in 1957."
505 0# - FORMATTED CONTENTS NOTE
Table of Content Sources of the law of sale of goods -- The contract of sale -- Subject-matter of the contract -- The types of obligation created -- The existence of the goods and the duty to pass a good title -- The duty to deliver the goods -- The duty to supply the goods at the right time -- The duty to supply goods in the right quantity -- The duty to supply goods od the right quality -- Exclusion of seller's liability -- The duty to pay the price -- The duty to take delivery -- The transfer of property -- Risk and frustration -- Transfer of title by a non-owner -- Export sales -- International Convention on Sales of Goods ("CISG") -- Real remedies -- Personal remedies -- Rejection of the goods, rescission, and specific performance -- Action for damages -- Consumer sales contracts -- Product liability -- Manufacturers' guarantees.
650 #0 - SUBJECTS
Topical Term Sales
650 #0 - SUBJECTS
Topical Term Sales
700 1# - OTHER AUTHORS
Personal name Canavan, Rick,
700 1# - OTHER AUTHORS
Personal name MacQueen, Hector L,
700 1# - OTHER AUTHORS
Personal name Atiyah, P. S.,
700 1# - OTHER AUTHORS
Personal name Adams, John,
942 ## - ADDED ENTRY ELEMENTS (KOHA)
Koha item type Books
Holdings
Withdrawn status Lost status Collection code Home library Current library Shelving location Date acquired Full call number Accession Number Koha item type
    Reference Methodist University Law Library Methodist University Law Library General Stacks   KD1650 .T92 8017 Books
Copyright © 2026  MUG Library